000 00450nam a2200181Ia 4500
001 2692
005 20260306144825.0
008 260306t2010||||xx |||||||||||||| ||spa||
041 _aESP
082 _a211.1
_bk94
100 _aKüng, Hans
_eAUT
245 0 _a¿Existe Dios?:
_brespuesta al problema de Dios en nuestro tiempo
260 _c2010
300 _a874 páginas :
_c24 cm.
650 _aGEN
654 _aCHU
942 _cLIB
_dJUS
_fJUS
_2ddc
_n
999 _c2692
_d2692